| 000 | 00942pam a2200253 a 4500 | ||
|---|---|---|---|
| 001 | 4964251 | ||
| 005 | 20250322111025.0 | ||
| 008 | 970815s1998 njua b 001 0 eng | ||
| 020 | _a0024087114 (pbk.) | ||
| 020 | _a9780024087119 | ||
| 050 | 0 | 0 |
_aLB1715 _b.S414 1998 |
| 082 | 0 | 0 |
_a370/.71073 _221 |
| 100 | 1 |
_aSegall, William E. _q(William Edwin), _d1938- |
|
| 245 | 1 | 0 |
_aIntroduction to education : _bteaching in a diverse society / _cWilliam E. Segall, Anna V. Wilson. |
| 260 |
_aUpper Saddle River, N.J. : _bMerrill, _cc1998. |
||
| 300 |
_axiv, 369 p. : _bill. (some col.) ; _c24 cm. |
||
| 650 | 0 |
_aTeachers _xTraining of _zUnited States. |
|
| 650 | 0 |
_aEducation _xStudy and teaching (Higher) _zUnited States. |
|
| 650 | 0 |
_aMulticultural education _zUnited States. |
|
| 650 | 0 |
_aSchool management and organization _zUnited States. |
|
| 650 | 0 |
_aEffective teaching _zUnited States. |
|
| 700 | 1 | _aWilson, Anna Victoria. | |
| 942 |
_2lcc _cBK _n0 |
||
| 999 |
_c5075 _d5075 |
||